История земли Плесецкой. Кн. 2: Плесецкий район Архангельской области в 1980-1991 гг. (Запись № 9735640)
[ простой вид ]
| 000 -МАРКЕР | |
|---|---|
| контрольное поле | 01285nam2a2200253 i 4500 |
| 001 - ИДЕНТИФИКАТОР ЗАПИСИ | |
| контрольное поле | RU\NLR\BIBL_A\010704380 |
| 005 - ИДЕНТИФИКАТОР ВЕРСИИ | |
| контрольное поле | 20240728143846.0 |
| 010 ## - МЕЖДУНАРОДНЫЙ СТАНДАРТНЫЙ НОМЕР КНИГИ (ISBN) | |
| Номер (ISBN) | 9785858799665 |
| Тираж | 200 |
| 021 ## - НОМЕР ГОСУДАРСТВЕННОЙ РЕГИСТРАЦИИ | |
| Код страны | Российская Федерация |
| Номер | 2015-5855 |
| Номер Листа государственной регистраци | 368 |
| 035 ## - ДРУГИЕ СИСТЕМНЫЕ НОМЕРА | |
| Идентификатор записи | (NLR Aleph) 010704380 |
| 100 ## - ДАННЫЕ ОБЩЕЙ ОБРАБОТКИ | |
| Данные общей обработки | 20130121d2014 u y0rusy50 ca |
| 101 0# - ЯЗЫК РЕСУРСА | |
| Язык текста, звукозаписи и т.д. | русский |
| 102 ## - СТРАНА ПУБЛИКАЦИИ ИЛИ ПРОИЗВОДСТВА | |
| Страна публикации | Российская Федерация |
| 105 ## - ПОЛЕ КОДИРОВАННЫХ ДАННЫХ: ТЕКСТОВЫЕ МАТЕРИАЛЫ, МОНОГРАФИЧЕСКИЕ | |
| Кодированные данные о монографическом текстовом документе | ac z|||000zy |
| 200 1# - ЗАГЛАВИЕ И СВЕДЕНИЯ ОБ ОТВЕТСТВЕННОСТИ | |
| Основное заглавие | Плесецкий район Архангельской области в 1980-1991 гг. |
| 210 ## - ПУБЛИКАЦИЯ, РАСПРОСТРАНЕНИЕ И ДР. | |
| Дата издания, распространения и т.д. | 2014 |
| 215 ## - ФИЗИЧЕСКАЯ ХАРАКТЕРИСТИКА | |
| Специфическое обозначение материала и объем | 133, [2] с., [16] л. ил. |
| Другие сведения о физической характеристике | портр. |
| 320 ## - ПРИМЕЧАНИЯ О НАЛИЧИИ В ДОКУМЕНТЕ БИБЛИОГРАФИИ / УКАЗАТЕЛЯ | |
| Текст примечания | Библиогр.: с. 122-134 (491 назв.) |
| 461 #0 - УРОВЕНЬ НАБОРА | |
| Встроенное поле | 001RU\NLR\BIBL_A\010711888 |
| -- | 2000#$aИстория земли Плесецкой$fН.А. Макаров$vКн. 2 |
| -- | 700#1$3RU\NLR\AUTH\7742837$aМакаров$bН. А.$cканд. ист. наук, историк-архивист, краевед$f1952-2013$gНиколай Александрович$4070 |
| Системный номер (АБИС) связанной записи | 9775949 |
| Автор | Макаров, Н. А. (канд. ист. наук, историк-архивист, краевед ; 1952-2013) |
| Место публикации | Архангельск |
| Дата публикации | 2014 |
| Первые сведения об ответственности | Н.А. Макаров |
| Имя издателя, распространителя и т.д. | Правда Севера |
| Заглавие | История земли Плесецкой |
| Номер тома | Кн. 2 |
| 942 ## - ДОПОЛНИТЕЛЬНЫЕ ЭЛЕМЕНТЫ ЗАПИСИ (АБИС) | |
| Тип экземпляра АБИС | Книга |
| 980 ## - КОЛЛЕКЦИЯ | |
| Название коллекции | НБР |
Нет доступных экземпляров.